LIBRARY & INFORMATION CENTRE, KCAET, TAVANUR

ONLINE PUBLIC ACCESS CATALOGUE (OPAC)

Satya ke prayog adva atmakatha / (Record no. 8309)

MARC details
000 -LEADER
fixed length control field 00390cam a2200157ua 4500
041 ## - LANGUAGE CODE
Language code of text/sound track or separate title hin
082 ## - DEWEY DECIMAL CLASSIFICATION NUMBER
Classification number 891.54
Item number MOH/SA
100 ## - MAIN ENTRY--AUTHOR NAME
Personal name Gandhi, M K.
245 ## - TITLE STATEMENT
Title Satya ke prayog adva atmakatha /
250 ## - EDITION STATEMENT
Edition statement 11 /
260 ## - PUBLICATION, DISTRIBUTION, ETC. (IMPRINT)
Place of publication New Delhi :
Name of publisher Sasta Sahitya Mandir ,
Year of publication 1956.
300 ## - PHYSICAL DESCRIPTION
Number of Pages 600 ; .
942 ## - ADDED ENTRY ELEMENTS (KOHA)
Koha item type Books
Holdings
Withdrawn status Lost status Damaged status Home library Current library Date acquired Full call number Accession Number Koha item type
Withdrawn     KAUAET Sanskrit University 07/04/2012 891.54 2805 Books
free website counter